000 00919nam a22002777a 4500
003 CHAP
005 20220329135414.0
008 971013s1958 r 00010 d
010 _a35916
011 _a36888
035 _a41007
040 _cCHAP
082 _a727
_bM47 1952-58
110 _aMéxico. Comité Administrador del Programa Federal de Construcción de Escuelas
_976884
245 _aConstrucción de escuelas
_b: obra realizada, 1952-1958
260 _aMéxico, D.F. :
_bEl Comité,
_c1958
300 _a264 p.
_b: ilus
590 _aBATCH-UPD
_b10
_c20130110
_lUCH01
_h2233
590 _aBATCH-UPD
_b10
_c20130410
_lUCH01
_h1528
590 _aBATCH-UPD
_b10
_c20130914
_lUCH01
_h1850
590 _aCONVERSION
_b10
_c20130109
_lUCH01
_h1320
650 1 4 _aEscuelas
_xConstrucción.
_937621
901 _aBK
942 _cLIBRO
949 _a727 M47 1952-58
_bBC
_cLIBRO
_d33724000134482
_eLIBRO
_h12332
_i41007
_mD
_si
999 _c35916
_d35916